| 000 | 00539nmm a2200169Ia 4500 | ||
|---|---|---|---|
| 008 | 251105s9999||||xx |||||||||||||||||und|| | ||
| 020 | _a8470308378 | ||
| 041 | _aspa | ||
| 100 | _aFlores Arroyuelo, Francisco J. | ||
| 245 | 0 |
_aDel toro en la antigüedad : _b Animal de culto, sacrificio, caza y fiesta |
|
| 264 |
_a[Madrid, España] : _bBiblioteca Nueva, _c2000 |
||
| 300 | _a157 páginas | ||
| 490 | _aLa Piel de toro | ||
| 650 | _aFolklore & Popular Culture | ||
| 856 | _uhttps://public.digitaliapublishing.com/a/3943 | ||
| 942 | _cCF | ||
| 999 |
_c73199 _d73199 |
||